| 000 | 00788nam a2200205 a 4500 | ||
|---|---|---|---|
| 001 | 000024586 | ||
| 005 | 20260429135248.0 | ||
| 008 | 110201s2006 cl 000 0 spa d | ||
| 020 | _a9586773493 | ||
| 040 |
_aDO-SdBNP _bspa _cBNPHU |
||
| 082 |
_a809 _bD722 |
||
| 245 | 0 | 0 |
_a2.500 años de literatura universal : _bconsultor biográfico y literario / _cFanny Zamora Nieto. |
| 246 | 1 | 3 | _aDos mil quinientos años de literatura universal. |
| 260 |
_aColombia : _bZamora Editores, _c2006. |
||
| 300 |
_a1370 p. : _bil. ; _c28 cm. |
||
| 505 | 0 |
_tCuentos -- _tDrama -- _tEnsayo-- _tHistoria -- _tLeyenda -- _tMito -- _tNovela-- _tPoesía -- _tProsa -- _tTeatro-- |
|
| 650 | 0 |
_aLiteratura _xHistoria y crítica _9835 |
|
| 700 | 1 | 2 |
_aZamora Nieto, Fanny _950425 |
| 910 | _aValidado. Control de calidad MFF | ||
| 999 |
_c24079 _d24079 |
||